000 00707nam a22002417i 4500
003 DO-SdBNP
005 20240523113456.0
007 ta
008 240523b1974 dr ac||| |||| 00| 0 spa d
040 _aDO-SdBNP
_bspa
_cBNPHU
_erda
082 4 _222
_bU588
100 _972877
110 _974298
245 1 0 _aLa UASD en numeros :
_baspectos acdémicos 2do. semestre 1974-1975 /
_cMercedes S. de Macarrulla
264 1 _aSanto Domingo :
_bEditora Universitaria,
_c1974
300 _a22 páginas ;
_c23 cm.
336 _2rdacontent
_atexto
_btxt
337 _2rdamedia
_asin mediación
_bn
338 _2rdacarrier
_avolumen
_bnc
590 _aInventariado, 2024/DG
910 _aDG
942 _2ddc
_cLBS1
999 _c56739
_d56739